00323nam a2200097Ia 4500008004100000245007600041245001900117260000900136650002100145856005900166171204s9999 xx 000 0 und d 2aA Jewish Guide in the Holy Land: How Christian Pilgrims Made Me Israeli cJackie Feldman c2016 xDOMESTIC TOURISM uhttp://down.ebook777.com/043/0253021251_0253021375.pdf